Մուշ : (Record no. 535045)
[ view plain ]
| 000 -LEADER | |
|---|---|
| fixed length control field | 01031nam a2200253 a 4500 |
| 001 - CONTROL NUMBER | |
| control field | 2020704 |
| 003 - CONTROL NUMBER IDENTIFIER | |
| control field | AM-YEHGA |
| 005 - DATE AND TIME OF LATEST TRANSACTION | |
| control field | 20251029152111.0 |
| 008 - FIXED-LENGTH DATA ELEMENTS--GENERAL INFORMATION | |
| fixed length control field | 250530s2023 tu a||||||||||00||||arm|d |
| 020 ## - INTERNATIONAL STANDARD BOOK NUMBER | |
| International Standard Book Number | 978-605-5276-25-6 |
| 040 ## - CATALOGING SOURCE | |
| Original cataloging agency | AM-YEHGA |
| Transcribing agency | AM-YEHGA |
| 041 1# - LANGUAGE CODE | |
| Language code of text/sound track or separate title | arm |
| Language code of original | tu |
| 245 00 - TITLE STATEMENT | |
| Title | Մուշ : |
| Remainder of title | Վտանգված ճարտարապետական ժառանգություն / |
| Statement of responsibility, etc. | Խմբ.՝ Մուստաֆա Աքչաօզ, Էլմոն Հանչեր, Արփինե Ասրյան ; Թարգմ.՝ Վարդուհի Բալյան. |
| 260 ## - PUBLICATION, DISTRIBUTION, ETC. | |
| Place of publication, distribution, etc. | Ստամբուլ : |
| Name of publisher, distributor, etc. | Ա. հ., |
| Date of publication, distribution, etc. | 2023 |
| 300 ## - PHYSICAL DESCRIPTION | |
| Extent | 133 էջ : |
| Other physical details | նկ. |
| 440 #0 - SERIES STATEMENT/ADDED ENTRY--TITLE | |
| Title | Anadolu kültür |
| 650 14 - SUBJECT ADDED ENTRY--TOPICAL TERM | |
| Topical term or geographic name entry element | Հայոց պատմություն |
| Geographic subdivision | Մուշ |
| 650 10 - SUBJECT ADDED ENTRY--TOPICAL TERM | |
| Topical term or geographic name entry element | Ճարտարապետություն |
| Geographic subdivision | Հայաստան |
| 9 (RLIN) | 5872 |
| 700 1# - ADDED ENTRY--PERSONAL NAME | |
| Personal name | Աքչաօզ, Մուստաֆա |
| Relator term | խմբ. |
| Relationship | edt |
| 700 1# - ADDED ENTRY--PERSONAL NAME | |
| Personal name | Հանչեր, Էլմոն |
| Relator term | խմբ. |
| Relationship | edt |
| 700 1# - ADDED ENTRY--PERSONAL NAME | |
| Personal name | Ասրյան, Արփինե |
| Relator term | խմբ. |
| Relationship | edt |
| 700 1# - ADDED ENTRY--PERSONAL NAME | |
| Personal name | Բալյան, Վարդուհի |
| Relator term | թարգմ. |
| Relationship | trl |
| 942 ## - ADDED ENTRY ELEMENTS (KOHA) | |
| Source of classification or shelving scheme | Universal Decimal Classification |
| Koha item type | Գրքեր / Books |
| Withdrawn status | Lost status | Source of classification or shelving scheme | Damaged status | Not for loan | Collection | Home library | Current library | Date acquired | Total checkouts | Full call number | Barcode | Date last seen | Price effective from | Koha item type | Public note |
|---|---|---|---|---|---|---|---|---|---|---|---|---|---|---|---|
| Universal Decimal Classification | General | Fundamental Scientific Library | Fundamental Scientific Library | 30/05/2025 | AIII/9837 | FL0693857 | 30/05/2025 | 30/05/2025 | Գրքեր / Books | 30 Days Loan |
ՀՀ Գիտությունների ազգային ակադեմիայի հիմնարար գիտական գրադարան = Fundamental Scientific Library of NAS RA
All site content, except where otherwise noted, is licensed under a